000 00949nam a22002057a 4500
999 _c58397
_d58397
005 20220117120202.0
008 220117s2019 enk||||| |||| 00| 0 eng d
020 _a9780367230951
041 _aeng
080 _a37.01 E-11
245 _aEarly Childhood Pedagogies:
_bCreating spaces for young children to flourish /
_cEditor Jane Murray.
264 _aLondon :
_bRoutledge, Taylor & Francis Group,
_c2019.
300 _a322 p.
_b25 cm.
653 _aადრეული ასაკის ბავშვთა პედაგოგიკა
653 _aПедагогика раннего детства
653 _aპატარა ბავშვებისთვის სამუშაო სივრცის შექმნა
653 _aСоздание пространства для развития маленьких детей
700 _aMurray, Jane
_eრედაქტორი
_913391
942 _2udc
_cBK